[Event "MEX ol U16"]
[Site "Mexico City"]
[Date "2001.??.??"]
[Round "?"]
[White "Estrada Velarde, Santiago"]
[Black "Arguelles Ovando, Valente"]
[Result "0-1"]
[WhiteElo "1376"]
[BlackElo "1711"]
[PlyCount "102"]
[EventDate "2001.??.??"]
[EventType "swiss"]
[EventRounds "6"]
[EventCountry "MEX"]
[SourceTitle "EXT 2004"]
[Source "ChessBase"]
[SourceDate "2003.11.25"]
[SourceVersion "1"]
[SourceVersionDate "2003.11.25"]
[SourceQuality "1"]

1. e4 c5 2. Nf3 Nc6 3. d4 cxd4 4. Nxd4 Nf6 5. Nc3 e5 6. Ndb5 d6 7. Bg5 a6 8. Na3 b5 9. Nd5 Be7 10. Bxf6 Bxf6 11. c3 0-0 12. Be2 Bg5 13. 0-0 Ne7 14. Nc2 Bb7 15. Ncb4 Nxd5 16. Nxd5 Rc8 17. a4 Bxd5 18. Qxd5 Rc5 19. Qb7 Qb8 20. Qxb8 Rxb8 21. axb5 axb5 22. Rfd1 Be7 23. Ra7 Bf8 24. f3 Rcc8 25. Rda1 b4 26. Ba6 Rd8 27. c4 d5 28. Rc7 dxe4 29. fxe4 Rd4 30. Rf1 Rxe4 31. Rcxf7 Bc5+ 32. Kh1 Rd8 33. b3 Rf4 34. R7xf4 exf4 35. Bb7 Rd3 36. Bd5+ Kh8 37. Ra1 g5 38. Rb1 Kg7 39. h3 h6 40. Bf3 Kf6 41. Kh2 Be3 42. Be4 Rc3 43. Bh7 Ke5 44. h4 gxh4 45. Kh3 Bf2+ 46. Kg4 Rg3+ 47. Kh5 Rxg2 48. Bd3 h3 49. Be2 Rg1 50. Rb2 h2 51. Bf3 h1Q+ 0-1